MARC

LEADER 00000nam0a2200000 4500
001 307473
005 20231102002010.0
035 |a (RuTPU)RU\TPU\book\332766 
090 |a 307473 
100 |a 20151021d1983 k y0rusy50 ca 
101 0 |a rus 
102 |a LV 
105 |a a z 001zy 
200 1 |a Применение модифицированных полимерных материалов в конструкциях мелиоративных систем  |e сборник научных трудов  |f отв. ред. А. Я. Метра 
210 |a Елгава  |c [Б. и.]  |d 1983 
215 |a 193 с.  |c ил. 
320 |a Библиогр. в конце ст. 
606 1 |a Гидрохимия мелиоративная  |2 stltpush  |3 (RuTPU)RU\TPU\subj\7090  |9 34821 
610 1 |a полимерные материалы 
610 1 |a модифицированные материалы 
610 1 |a применение 
610 1 |a конструкции 
610 1 |a мелиоративные системы 
610 1 |a наполненные полимеры 
610 1 |a напорные трубы 
610 1 |a дренажные трубы 
610 1 |a параметры 
610 1 |a оптимизация 
610 1 |a пленки 
610 1 |a защитные материалы 
610 1 |a фильтрующие материалы 
675 |a 626.81  |v 4 
702 1 |a Метра  |b А. Я.  |4 340 
801 1 |a RU  |b 63413507  |c 20151021 
801 2 |a RU  |b 63413507  |c 20190515  |g RCR 
942 |c BK